Για τη διασφάλιση των κοινωνικών δικαιωμάτων σε όλη την Ευρώπη : ο Ευρωπαϊκός Κοικωνικός Χάρτης: ένα εργαλείο για τις ΜΚΟ : securing social rights across Europe (Greek version)
Αποθηκεύτηκε σε:
| Κύριος συγγραφέας: | |
|---|---|
| Άλλοι συγγραφείς: | , |
| Μορφή: | Βιβλίο |
| Γλώσσα: | Greek |
| Δημοσίευση: |
Αθήνα :
Συμβούλιο της Ευρώπης,
1999
|
| Θέματα: | |
| Ετικέτες: |
Προσθήκη ετικέτας
Δεν υπάρχουν, Καταχωρήστε ετικέτα πρώτοι!
|
MARC
| LEADER | 00000cam a2200000 i 4500 | ||
|---|---|---|---|
| 001 | 1/28197 | ||
| 008 | 021022s1999 gre d | ||
| 035 | |l 10068573 | ||
| 040 | |a GR-MY-UA |b gre |e aacr | ||
| 041 | 0 | |a gre | |
| 082 | 0 | |a 323.5094 | |
| 100 | 1 | |a Kenny, Tom. | |
| 245 | 1 | 0 | |a Για τη διασφάλιση των κοινωνικών δικαιωμάτων σε όλη την Ευρώπη : |b ο Ευρωπαϊκός Κοικωνικός Χάρτης: ένα εργαλείο για τις ΜΚΟ : securing social rights across Europe (Greek version) / |c Tom Kenny ; επιμελητές μετάφρασης και έκδοσης: Ηλίας Καστανάς, Γιάννης Κτιστάκις |
| 246 | 3 | 3 | |a Ο Ευρωπαϊκός Κοινωνικός Χάρτης |
| 260 | |a Αθήνα : |b Συμβούλιο της Ευρώπης, |c 1999 | ||
| 300 | |a 47 σ. | ||
| 650 | 0 | 0 | |a Human rights |z European Union countries. |
| 700 | 1 | |a Καστανάς, Ηλίας. |4 trl |4 edt | |
| 700 | 1 | |4 trl |4 edt |a Κτιστάκις, Γιάννης. | |
| 852 | |a INST |b RHODES |e 20021022 |h 323.5094 ΓΙΑ |p 005400016144 |q 005400016144 |t BK |y 0 | ||
| 901 | |a BIBL4-2002-3 | ||
| 909 | |a Ρ |b 101370 | ||
| 970 | |a ΚΟΥΛΑΚΙΟΤΗ |b ΛΙΤΣΑ |z 2002/10/22 | ||